Disney - Charakter mit "C" - Statistiken

Allgemein
  • Dieses Quiz wurde 104 mal gespielt
    90 seit der letzten Aktualisierung
  • Das Durchschnittsergebnis liegt bei 5 aus 25
Antwortstatistiken
Film / Serie Disneyfigur % Korrekt
... & Capper Cap
97%
Cap & ... Capper
91%
Cinderella Cinderella
88%
Coco Coco Rivera
87%
101 Dalmatiner Cruella De Vil
59%
Winnie Puuh Christopher Robin
24%
Marvel's The Avenger's Captain America
21%
Der Glöckner von Notre Dame Claude Frollo
12%
Tarzan Clayton
9%
Toy Story Charlie Naseweis
7%
Die tollkühne Hexe in ihrem fliegenden Bett Charlie Rawlins
7%
Küss den Frosch Charlotte La Bouff
7%
Toy Story Charlotte Naseweis
7%
Schneewittchen Chef
6%
Fillmore! Cornelius Fillmore
4%
Encanto Camilo Madrigal
3%
Baymax Cass Hamada
3%
Oben Charles Muntz
3%
Rapunzel Cassandra
1%
Das Haus der 101 Dalmatiner Constantin
1%
Lilo & Stitch Captain Gantu
0%
A World Beyond Casey Newton
0%
Liv & Maddie Cassie
0%
Zoomania Chief Bogo
0%
Ralph reicht's Cy - Bugs
0%
Keine übereinstimmenden Quizze gefunden
Verteilung der Resultate
Anzahl Personen mit jedem Resultat
Perzentil nach korrekt beantworteten Fragen
Ihre Resultats-Entwicklung
Sie haben dieses Quiz seit der letzten Aktualisierung nicht gespielt